CROP MANAGEMENT UNDER IRRIGATED AND RAINEED CONDITION (Record no. 8054)

MARC details
000 -LEADER
fixed length control field 00491nam a22001817a 4500
005 - DATE AND TIME OF LATEST TRANSACTION
control field 20230109100112.0
008 - FIXED-LENGTH DATA ELEMENTS--GENERAL INFORMATION
fixed length control field 221216b |||||||| |||| 00| 0 eng d
020 ## - INTERNATIONAL STANDARD BOOK NUMBER
ISBN 978-81-272-6819-0
041 ## - LANGUAGE CODE
Language code of text/sound track or separate title eng
082 ## - DEWEY DECIMAL CLASSIFICATION NUMBER
Classification number 633 SIN-C
100 ## - MAIN ENTRY--AUTHOR NAME
Personal name SINGH,S.S AND SINGH, RAJESH
245 ## - TITLE STATEMENT
Title CROP MANAGEMENT UNDER IRRIGATED AND RAINEED CONDITION
250 ## - EDITION STATEMENT
Edition statement 5th ed.
260 ## - PUBLICATION, DISTRIBUTION, ETC. (IMPRINT)
Place of publication LUDHINA
Name of publisher KALYANI PUBLISHERS
Year of publication 2020
300 ## - PHYSICAL DESCRIPTION
Number of Pages 554;P.
650 ## - SUBJECT ADDED ENTRY--TOPICAL TERM
Topical Term AGRICULTURE
942 ## - ADDED ENTRY ELEMENTS (KOHA)
Koha item type Books
Holdings
Lost status Damaged status Collection code Home library Current library Shelving location Date acquired Source of acquisition Cost, normal purchase price Full call number Accession Number Koha item type
    Reference JRU Library JRU Library SHELF-2-A 18/10/2022 LOHIA BOOK INTERNATIONAL 450.00 633-SIN-C 26898 Books
    AGRICULTURE JRU Library JRU Library SHELF-44-C 18/10/2022 LOHIA BOOK INTERNATIONAL 450.00 633-SIN-C 26899 Books
    AGRICULTURE JRU Library JRU Library SHELF-44-C 18/10/2022 LOHIA BOOK INTERNATIONAL 450.00 633-SIN-C 26900 Books
    AGRICULTURE JRU Library JRU Library SHELF-44-C 18/10/2022 LOHIA BOOK INTERNATIONAL 450.00 633-SIN-C 26901 Books
    AGRICULTURE JRU Library JRU Library SHELF-44-C 18/10/2022 LOHIA BOOK INTERNATIONAL 450.00 633-SIN-C 26902 Books